Wszystkie spell'e w league of legends - Statystyki

Ogólne statystyki
  • Ten quiz został rozwiązany 1 036 razy
  • Średni wynik to 9 z 11
Statystyki odpowiedzi
Lvl na którym otrzymujemy Spell % Poprawnych
7 Flash
98%
1 Heal
96%
9 Ignite
96%
7 Teleport
93%
1 Ghost
92%
4 Barrier
85%
9 Smite
85%
4 Exhaust
83%
9 Cleanse
75%
6 Mark/Snowball
64%
6 Clarity
45%
Nie znaleziono quizów pasujących do podanych kryteriów
Rozkład punktacji
Procent ludzi z każdym wynikiem
Percentyl według liczby udzielonych odpowiedzi
Twoja historia wyników
Nie rozwiązałeś tego quizu